000
00261nam a2200109Ia 4500
008
190914s9999||||xx |||||||||||||| ||und||
100
_a
Mohan Joshi
245
0
_a
International Business
260
_a
New Delhi
_b
Prentice Hall
_c
2001
300
_a
296
942
_c
BK
999
_c
9888
_d
9888